=LDR 00000nam 2200000 4500 =001 INLIS000000000024477 =005 20130612123048 =008 ***********************************Ind** =035 ##$$0010-061300000024477 =041 ##$$a Ind =082 ##$$a 631.4 =090 ##$$a 631.4, Sut a =100 ##$$a Sutejo, Mul Mulyani =245 ##$$a Analisis tanah, air, dan saripati tanaman, Mulyana Sutejo =260 ##$$a 2004 $b Jakarta =300 ##$$a 108 hlm, ilus, 20 cm =650 ##$$a Tanah - Ilmu =850 ##$$a NBPNMAT